000 00537nam a2200181Ia 4500
003 GCL
008 140319s9999 xx 000 0 ara d
040 _aGCL /
_cGCL
082 0 4 _a239.8
_bت س
100 1 _aتوفيق ابوعلم
245 1 0 _aاهل البيت السيدة نفيسة /
_cتوفيق ابوعلم
300 _a206 ص
490 _aالهيئة العامة للاستعلامات
_v0
650 0 4 _aالاسلام
650 0 4 _aالسيرة النبوية
650 0 4 _aالسيدة نفيسة
942 _2ddc
_cBK
999 _c48761
_d48761